Les paroles d'Amnésie de Damso - Statistiques

Statistiques générales
  • Ce quiz a été pris 5 083 fois
  • Le résultat moyen est 294 sur 480
Statistiques - réponses
Réponse % Correct
à
98%
a
98%
A
98%
de
97%
le
96%
son
96%
c'
95%
je
95%
la
95%
est
93%
et
93%
les
93%
Mort
92%
avenir
91%
pour
91%
que
91%
proche
90%
cou
89%
me
89%
anges
88%
l'enfer
87%
vie
87%
corde
86%
pendu
86%
peut
86%
ce
85%
des
85%
être
85%
etre
85%
I
85%
d'elle
82%
depuis
82%
mon
82%
qu'elle
81%
trop
81%
jeune
80%
mots
80%
pas
80%
elle
79%
sa
79%
comprendre
78%
hashtag
78%
j'ai
78%
j'la
78%
jl'a
78%
l'impact
78%
premier
77%
faut
76%
j'me
76%
par
76%
ans
75%
deja
75%
m'a
75%
qu'il
75%
au
74%
tient
74%
un
74%
13
73%
faire
73%
fume
73%
rapport
73%
coeur
72%
dans
71%
porte
71%
tant
71%
tuee
71%
fermé
70%
j'voulais
70%
oublier
70%
dernier
69%
j'men
69%
l'escortent
69%
s'en
68%
ai
67%
veut
67%
mais
66%
voulait
66%
en
65%
j'etais
65%
mes
65%
moi
65%
si
63%
apres
62%
disparaisse
62%
j'lai
62%
jlai
62%
ken
62%
plus
62%
l'oublier
61%
qu'on
61%
aussi
60%
bizarre
60%
fout
60%
l'avoir
60%
cela
59%
paraitre
59%
puisse
59%
sache
59%
damso
58%
prenne
58%
allo
57%
bien
57%
heure
57%
sentais
57%
bonne
56%
repondeur
56%
s'aime
56%
ses
56%
bras
55%
couilles
55%
jour
55%
sonner
55%
suce
55%
toi
55%
concentre
54%
méchanceté
54%
quotidien
54%
c'est
53%
j'vais
53%
loin
53%
trouvais
53%
comme
52%
d'imaginer
52%
dit
52%
dont
52%
message
52%
n'voulais
52%
suicide
51%
tache
51%
années
50%
casse
50%
jsuis
50%
j'suis
50%
lourde
50%
parle
50%
peur
50%
veille
50%
j'avais
49%
n'en
49%
parisien
49%
passent
49%
plaisir
49%
revenais
49%
larmes
48%
l'OM
48%
lui
48%
clitoridien
47%
d'erreur
47%
draps
47%
supporter
47%
doue
46%
l'heure
46%
sur
46%
poemes
45%
scande
45%
s'eloigne
45%
y
45%
recherchant
44%
allez
43%
etait
43%
morte
43%
toute
43%
10
42%
pourtant
42%
fois
41%
sechees
40%
faux-cul
39%
derniere
38%
j'decrochais
38%
c'etait
37%
m'ecrivait
37%
j'entendais
36%
on
36%
l'amnesie
35%
pleurs
34%
quand
31%
il
30%
battais
29%
coups
29%
j'prie
29%
depouille
28%
pardonnera
28%
tres
28%
mal
27%
voir
27%
temps
26%
aujourd'hui
25%
love
25%
suis
25%
cul
24%
delinquant
24%
dressse
24%
prof
24%
you
24%
23
23%
cours
23%
l'enterrement
23%
pendant
23%
fumant
22%
meme
22%
pris
22%
bizarrement
21%
donnait
21%
drogue
21%
j'rappais
21%
noix
21%
sans
21%
une
21%
braquage
20%
douce
20%
actes
19%
avant
19%
caissier
19%
expres
19%
menton
19%
moque
19%
patate
19%
argent
18%
j'assume
18%
j'lui
18%
plat
18%
whisky
18%
comptant
17%
d'encaisser
17%
avait
16%
d'espece
16%
juice
16%
putain
16%
cette
15%
enerve
15%
m'enferme
15%
n'avait
15%
plein
15%
WC
15%
chiasse
14%
foutu
14%
c'fils
13%
otee
13%
pelote
13%
86B
12%
blesses
12%
poignets
12%
champs
11%
menottes
11%
brin
10%
j'oublie
10%
ni
10%
souviens
10%
negros
9%
pouls
8%
verre
8%
autres
7%
d'cette
7%
j'sentais
7%
leurs
7%
notres
7%
regard
7%
votres
7%
ampoule
6%
teint
6%
batiments
5%
depolie
5%
beaux
4%
châtiment
4%
defraichie
4%
sombre
4%
construit
3%
ressort
3%
terreux
2%
hideux
1%
remords
1%
Aucun quiz correspondant
Distribution des résultats
% des personnes avec chaque résultat
Percentile par nombre de réponses
Votre historique - résultats
Vous n’avez pas pris ce quiz